000 00342nam a22001457a 4500
020 _qPB.
040 _cFIZZA ISHAQ
082 _a510
_bPIR
100 _aPirnot,Thomas L.
_9131684
245 _aMathematics All Around /
_cThomas L. Pirnot.
250 _a4th ED.
260 _aUSA:
_bPEARSON,
_c2010.
300 _a795 P. ;
942 _2ddc
_cBK
999 _c615292
_d615292